| 000 | 00000nam 2200000za 4500 |
| 001 | 9.643725 |
| 003 | CaOODSP |
| 005 | 20240624082224 |
| 007 | cr ||||||||||| |
| 008 | 150407|1986||||xxc|||||o f|0| 0 fre d |
| 040 | |aCaOODSP|bfre |
| 043 | |an-cn--- |
| 086 | 1 |aCP32-51/1986F-PDF |
| 245 | 00|aRapport de la Commission d'enquête sur la faillite de la Banque commerciale du Canada et de la Norbanque |h[ressource électronique] / |cpar l'honorable Willard Z. Estey, commissaire. |
| 260 | |aOttawa : |bBureau du Conseil privé, |c1986. |
| 300 | |a92, 127, 102, 166, 153, 128 p. |
| 500 | |a« Août 1986. » |
| 500 | |aPublication historique numérisée en 2008 par le Bureau du Conseil privé du Canada. |
| 590 | |a15-04-Supp|b2015-03-19 |
| 691 | 07|aBanque|2gcpds |
| 691 | 07|aCommission d'enquête|2gcpds |
| 691 | 07|aFaillite|2gcpds |
| 710 | 1 |aCanada. |bBureau du Conseil privé. |
| 775 | 08|tReport of the Inquiry into the Collapse of the CCB and Northland Bank / |w(CaOODSP)9.699747 |
| 856 | 40|ahttp://publications.gc.ca|qPDF|s7.86 Mo|uhttps://publications.gc.ca/collections/collection_2014/bcp-pco/CP32-51-1986-5-fra.pdf |
| 856 | 40|ahttp://publications.gc.ca|qPDF|s8.89 Mo|uhttps://publications.gc.ca/collections/collection_2014/bcp-pco/CP32-51-1986-4-fra.pdf |
| 856 | 40|ahttp://publications.gc.ca|qPDF|s4.29 Mo|uhttps://publications.gc.ca/collections/collection_2014/bcp-pco/CP32-51-1986-1-fra.pdf |
| 856 | 40|ahttp://publications.gc.ca|qPDF|s5.74 Mo|uhttps://publications.gc.ca/collections/collection_2014/bcp-pco/CP32-51-1986-3-fra.pdf |
| 856 | 40|ahttp://publications.gc.ca|qPDF|s7.06 Mo|uhttps://publications.gc.ca/collections/collection_2014/bcp-pco/CP32-51-1986-2-fra.pdf |
| 856 | 40|ahttp://publications.gc.ca|qPDF|s5.89 Mo|uhttps://publications.gc.ca/collections/collection_2014/bcp-pco/CP32-51-1986-6-fra.pdf |